[Event "Sparkassen-Open A"]
[Site "Heusenstamm, Martinsee"]
[Date "2023.11.25"]
[Round "4.30"]
[White "Hoppstädter, Daniel"]
[Black "Kalepky, Helmut"]
[Result "0-1"]
[WhiteElo "2186"]
[BlackElo "1912"]
[PlyCount "134"]
[EventDate "2023.??.??"]
[WhiteTeam "Lasker Kirkel"]
[BlackTeam "Sfr.Heidesheim"]

1. d4 d5 2. c4 e6 3. Nc3 Nf6 4. cxd5 exd5 5. Bg5 Be7 6. e3 c6 7. Bd3 h6 8. Bh4 Ne4 9. Bxe7 Nxc3 10. bxc3 Qxe7 11. Ne2 Nd7 12. O-O Nf6 13. Qc2 Kf8 14. Rae1 Qc7 15. f3 h5 16. c4 Be6 17. Nf4 Re8 18. Nxe6+ Rxe6 19. c5 h4 20. Bf5 Re7 21. Bh3 g6 22. e4 Qf4 23. Qd3 Kg7 24. e5 Nh5 25. Qe3 Rb8 26. Bg4 Qxe3+ 27. Rxe3 Nf4 28. Rb1 Kf8 29. g3 hxg3 30. hxg3 Ne6 31. Bxe6 fxe6 32. Reb3 Ke8 33. Kg2 Rh7 34. f4 Kd8 35. Kf3 Kc7 36. Ra3 a6 37. Kg4 Rh5 38. Rab3 Kc8 39. a4 a5 40. R1b2 Kc7 41. Rb1 Kc8 42. Kf3 Kc7 43. Kg2 Rh6 44. g4 Rh7 45. Kg3 Rh6 46. R3b2 Rh7 47. Rh2 Rxh2 48. Kxh2 Rh8+ 49. Kg3 Rh7 50. Rf1 b6 51. cxb6+ Kxb6 52. f5 exf5 53. gxf5 gxf5 54. Rxf5 Rh1 55. Kf4 Rh4+ 56. Kg5 Rxd4 57. Kf6 Re4 58. Ke6 d4 59. Rf3 Re3 60. Rf2 Kc5 61. Rc2+ Rc3 62. Rd2 d3 63. Kd7 Kd4 64. e6 Rc1 65. e7 Re1 66. Rd1 Rxe7+ 67. Kxe7 c5 0-1

[Event "Sparkassen-Open A"]
[Site "Heusenstamm, Martinsee"]
[Date "2023.11.25"]
[Round "4.31"]
[White "Iolis, Oleg"]
[Black "Scherf, Karl-Heinrich"]
[Result "1-0"]
[WhiteElo "2183"]
[BlackElo "1911"]
[PlyCount "25"]
[EventDate "2023.??.??"]
[WhiteTeam "Wavre"]
[BlackTeam "SF Neuberg"]

1. e4 c5 2. Nf3 d6 3. d4 cxd4 4. Nxd4 Nf6 5. Nc3 a6 6. Be3 e6 7. g4 e5 8. Nf5 g6 9. g5 Nxe4 10. Nxe4 Bxf5 11. Nf6+ Ke7 12. Bb6 Qc8 13. Bc7 1-0

[Event "Sparkassen-Open A"]
[Site "Heusenstamm, Martinsee"]
[Date "2023.11.25"]
[Round "4.32"]
[White "Küpper, Martin"]
[Black "Papadopoulos, Ioannis"]
[Result "0-1"]
[WhiteElo "1941"]
[BlackElo "2142"]
[PlyCount "50"]
[EventDate "2023.??.??"]
[WhiteTeam "SC Fulda"]
[BlackTeam "SV Oberursel"]

1. Nf3 Nf6 2. c4 e6 3. b3 d5 4. e3 Be7 5. Bb2 O-O 6. Nc3 c5 7. cxd5 Nxd5 8. Qc2 Nc6 9. h4 b6 10. Ng5 f5 11. O-O-O Ndb4 12. Qb1 h6 13. Nf3 Ba6 14. Bxa6 Nxa6 15. d4 cxd4 16. Nxd4 Nxd4 17. Rxd4 Qe8 18. Qd3 Nc5 19. Qe2 Bf6 20. Rd2 Rc8 21. Kb1 Bxc3 22. Bxc3 Ne4 23. Be5 Nxd2+ 24. Qxd2 Qc6 25. Rg1 Qe4+ 0-1

[Event "Sparkassen-Open A"]
[Site "Heusenstamm, Martinsee"]
[Date "2023.11.25"]
[Round "4.33"]
[White "von Auer, Ulrich"]
[Black "Wiley, Tom E"]
[Result "1/2-1/2"]
[WhiteElo "1937"]
[BlackElo "2152"]
[PlyCount "64"]
[EventDate "2023.??.??"]
[WhiteTeam "SV Oberursel"]
[BlackTeam "Kraainem Belgium"]

1. d4 Nf6 2. c4 e6 3. g3 c5 4. Nf3 cxd4 5. Nxd4 d5 6. Bg2 e5 7. Nf3 d4 8. O-O Nc6 9. e3 Be7 10. exd4 exd4 11. Nbd2 O-O 12. Nb3 d3 13. Be3 Bg4 14. h3 Bh5 15. g4 Bg6 16. Nh4 Be4 17. f3 Nd7 18. fxe4 Bxh4 19. Qxd3 Nde5 20. Qe2 Qd3 21. Qxd3 Nxd3 22. Nd4 Nxb2 23. Nxc6 bxc6 24. Rab1 Nxc4 25. Bc5 Nd2 26. Bxf8 Kxf8 27. Rb7 Nxf1 28. Bxf1 Re8 29. Bc4 Re7 30. Rb8+ Re8 31. Rb7 Re7 32. Rb8+ Re8 1/2-1/2

[Event "Sparkassen-Open A"]
[Site "Heusenstamm, Martinsee"]
[Date "2023.11.25"]
[Round "4.34"]
[White "Diehm, Alexander"]
[Black "Poysti, Nathanael"]
[Result "0-1"]
[WhiteElo "1969"]
[BlackElo "2142"]
[PlyCount "120"]
[EventDate "2023.??.??"]
[WhiteTeam "SC FK Babenhausen 1994"]

1. d4 Nf6 2. c4 e6 3. Nc3 d5 4. Nf3 a6 5. b3 b6 6. cxd5 exd5 7. e3 Bd6 8. Bd3 Bb7 9. Qc2 O-O 10. O-O Nbd7 11. e4 dxe4 12. Nxe4 Nxe4 13. Bxe4 Bxe4 14. Qxe4 Nf6 15. Qd3 Qd7 16. Bb2 Qb5 17. Rad1 Qxd3 18. Rxd3 Nd5 19. Rd2 f6 20. g3 Kf7 21. Rc1 Ke6 22. Re2+ Kd7 23. Kf1 g6 24. Ne1 Rae8 25. Nd3 Rxe2 26. Kxe2 Re8+ 27. Kd2 Bb4+ 28. Nxb4 Nxb4 29. a3 Nd5 30. Re1 Rxe1 31. Kxe1 Ke6 32. Ke2 Ne7 33. Kd3 Kd5 34. Bc1 Nf5 35. Bb2 h5 36. Bc3 h4 37. g4 Ng7 38. Bd2 Ne6 39. Be3 h3 40. f3 f5 41. gxf5 gxf5 42. Bg1 b5 43. Be3 f4 44. Bf2 c6 45. Bg1 a5 46. a4 bxa4 47. bxa4 Ng5 48. Ke2 Kc4 49. Bf2 Ne6 50. Be1 Nxd4+ 51. Kf2 Nb3 52. Ke2 c5 53. Bh4 Nd4+ 54. Kf2 Kb4 55. Be7 Ne6 56. Ke2 Kxa4 57. Kd3 Kb3 58. Bf6 c4+ 59. Kd2 a4 60. Kc1 c3 0-1

[Event "Sparkassen-Open A"]
[Site "Heusenstamm, Martinsee"]
[Date "2023.11.25"]
[Round "4.35"]
[White "Klaska, Philipp Leon"]
[Black "Kulenovic, Adnan"]
[Result "1-0"]
[WhiteElo "2111"]
[BlackElo "1907"]
[PlyCount "77"]
[EventDate "2023.??.??"]
[WhiteTeam "Düsseldorfer SK 14/25 e."]
[BlackTeam "SC Springer Rodenbach"]

1. e4 g6 2. d4 c5 3. dxc5 Bg7 4. Nf3 Qa5+ 5. c3 Qxc5 6. Na3 Na6 7. Bc4 Nf6 8. Be3 Qa5 9. Nb5 O-O 10. e5 Ng4 11. Bd4 d6 12. exd6 exd6 13. Nxd6 Ne5 14. O-O Nxc4 15. Nxc4 Qc7 16. Bxg7 Kxg7 17. Qd4+ f6 18. Rfe1 Rd8 19. Qe4 Nc5 20. Qe7+ Qxe7 21. Rxe7+ Kg8 22. Nd4 b6 23. Nc6 Rd7 24. Rae1 Bb7 25. Rxd7 Nxd7 26. Ne7+ Kf8 27. Nd6 Rb8 28. Nxb7 Rxb7 29. Nd5 Rb8 30. Re7 Re8 31. Rxe8+ Kxe8 32. Kf1 Kf7 33. Ke2 Ke6 34. Nc7+ Ke5 35. Ke3 Nc5 36. f4+ Kf5 37. h3 h5 38. Nb5 Ne6 39. Nd6# 1-0

[Event "Sparkassen-Open A"]
[Site "Heusenstamm, Martinsee"]
[Date "2023.11.25"]
[Round "4.36"]
[White "Akhmatovski, Maxim"]
[Black "Li, Yunqi"]
[Result "1-0"]
[WhiteElo "2070"]
[BlackElo "1576"]
[PlyCount "49"]
[EventDate "2023.??.??"]
[WhiteTeam "SV Oberursel"]
[BlackTeam "SF 59 Kornwestheim"]

1. d4 Nf6 2. c4 e6 3. g3 d5 4. Bg2 c6 5. Nf3 Bd6 6. O-O O-O 7. Qc2 b6 8. b3 Bb7 9. Nc3 Nbd7 10. e4 dxe4 11. Nxe4 Nxe4 12. Qxe4 Nf6 13. Qe2 c5 14. Bb2 cxd4 15. Nxd4 Bxg2 16. Kxg2 Bc5 17. Rad1 Qc8 18. Qf3 e5 19. Nf5 Qc7 20. Rfe1 Rfe8 21. Bxe5 Rxe5 22. Qxa8+ Bf8 23. Rxe5 Qxe5 24. Rd8 Qc5 25. Nd6 1-0

[Event "Sparkassen-Open A"]
[Site "Heusenstamm, Martinsee"]
[Date "2023.11.25"]
[Round "4.37"]
[White "Martin, Reiner"]
[Black "Capelja, Christian"]
[Result "0-1"]
[WhiteElo "1966"]
[BlackElo "2007"]
[PlyCount "90"]
[EventDate "2023.??.??"]
[WhiteTeam "SC Bad Soden"]
[BlackTeam "SpVgg Rommelshausen"]

1. d4 Nf6 2. c4 e6 3. Nc3 Bb4 4. f3 c5 5. d5 b5 6. e4 bxc4 7. Bxc4 d6 8. Nge2 O-O 9. O-O e5 10. Bg5 h6 11. Bh4 g5 12. Be1 Nh7 13. g4 f6 14. Ng3 Rf7 15. Bd2 Nf8 16. Nf5 Rh7 17. h4 Ng6 18. Nb5 Bxd2 19. Qxd2 Bxf5 20. exf5 Nf4 21. h5 e4 22. b4 a6 23. Nc3 cxb4 24. Nxe4 Rb7 25. Kh2 Rb6 26. Rab1 a5 27. a3 Nd7 28. Qd4 Kg7 29. Kg3 Ne5 30. Rfc1 Rc8 31. Bf1 Rxc1 32. Rxc1 Qb8 33. axb4 axb4 34. Qb2 Qd8 35. Ra1 Qc7 36. Qd4 b3 37. Rb1 Qb8 38. Rb2 Rb4 39. Qd1 Qb6 40. Qd2 Rxe4 41. fxe4 Qg1+ 42. Bg2 Nxg2 43. Qf2 Qxf2+ 44. Rxf2 Nd3 45. Rf1 Nge1 0-1

[Event "Sparkassen-Open A"]
[Site "Heusenstamm, Martinsee"]
[Date "2023.11.25"]
[Round "4.38"]
[White "Swoboda, Philipp"]
[Black "Sreeramulu, Aarush"]
[Result "1-0"]
[WhiteElo "2030"]
[BlackElo "1716"]
[PlyCount "55"]
[EventDate "2023.??.??"]
[WhiteTeam "SV Frankfurt Nord 1926"]
[BlackTeam "SK Marburg 1931/72"]

1. d4 d5 2. c4 e6 3. Nc3 Nf6 4. cxd5 exd5 5. Bg5 c6 6. e3 Be7 7. Bd3 Nbd7 8. Qc2 h6 9. Bh4 O-O 10. Nge2 Re8 11. O-O Ne4 12. Bxe7 Qxe7 13. Bxe4 dxe4 14. d5 Nb6 15. Nf4 Bf5 16. dxc6 bxc6 17. Rfd1 Red8 18. Nce2 Bg4 19. Rxd8+ Rxd8 20. Nd4 g5 21. Nxc6 Qc7 22. Qxe4 Rd6 23. Ne7+ Kf8 24. Nfd5 Qd7 25. Qb4 Be6 26. e4 Bxd5 27. Nf5 Nc4 28. Nxd6 1-0

[Event "Sparkassen-Open A"]
[Site "Heusenstamm, Martinsee"]
[Date "2023.11.25"]
[Time "09:30:00"]
[Round "4.39"]
[PlyCount "80"]
[White "Piepenhagen, Eric"]
[Black "Bardorz, Jana"]
[Result "0-1"]
[WhiteElo "1838"]
[BlackElo "2050"]
[WhiteTeam "Niendorfer TSV 1919 SAbt"]
[BlackTeam "TSV 1869 e. V. Rottendorf"]

1. e4 c5 2. Nf3 d6 3. d4 cxd4 4. Nxd4 Nf6 5. Nc3 a6 6. Be2 e5 7. Nb3 Be7 8. Be3
Be6 9. g4 d5 10. exd5 Nxd5 11. Nxd5 Bxd5 12. Rg1 Nc6 13. c3 O-O 14. Qd2 Na5 15.
Nxa5 Qxa5 16. Qc2 Rfd8 17. Bd3 g6 18. g5 Bf3 19. Rg3 Qd5 20. Qb3 Qxb3 21. axb3
Rxd3 22. Rxf3 Bxg5 23. Ra4 Bxe3 24. Rxe3 Rxe3+ 25. fxe3 Rd8 26. Rc4 Rd7 27. Rc5
f6 28. Ke2 Kf7 29. b4 g5 30. b5 axb5 31. Rxb5 Kg6 32. Kf3 Kh5 33. h3 Kh4 34.
Rb6 Kxh3 35. Rxf6 h5 36. Rf5 g4+ 37. Ke2 h4 38. Rf1 g3 39. Rh1+ Kg4 40. Ra1 Rf7
0-1

[Event "Sparkassen-Open A"]
[Site "Heusenstamm, Martinsee"]
[Date "2023.11.25"]
[Round "4.40"]
[White "Mester, Philipp"]
[Black "Erdmann, Stefan"]
[Result "0-1"]
[WhiteElo "1806"]
[BlackElo "2062"]
[PlyCount "140"]
[EventDate "2023.??.??"]
[WhiteTeam "SVG CAISSA Kassel"]
[BlackTeam "SK Bad Homburg 1927"]

1. d4 d5 2. c4 c6 3. cxd5 cxd5 4. Bf4 Nc6 5. Nc3 Nf6 6. e3 Bf5 7. Qb3 Na5 8. Qa4+ Bd7 9. Qc2 e6 10. Bd3 Rc8 11. Nf3 Nc6 12. a3 Be7 13. h3 a6 14. Qe2 Na5 15. O-O Nb3 16. Rad1 b5 17. e4 dxe4 18. Nxe4 Bc6 19. Be5 Qd5 20. Nfg5 Nd7 21. Qh5 g6 22. Qh6 Nxe5 23. Qg7 Nxd4 24. Qxh8+ Kd7 25. Qxh7 Bxg5 26. f3 Be7 27. Qg7 Nxd3 28. Qxf7 Ne2+ 29. Kh1 Kd8 30. Rd2 Be8 31. Qg7 Rc1 32. Rxc1 Nexc1 33. Rc2 e5 34. Nf6 Qf7 35. Nxe8 Qxe8 36. Rc3 a5 37. f4 b4 38. Rc4 Ne2 39. fxe5 Qf8 40. Qxf8+ Bxf8 41. Rc2 Ng3+ 42. Kh2 Ne4 43. axb4 axb4 44. Rc4 Nec5 45. Rg4 Bg7 46. Rxg6 Bxe5+ 47. Kg1 Bxb2 48. Rb6 Kc7 49. Rb5 Kc6 50. Rxb4 Nxb4 51. g4 Kd5 52. Kf2 Ke4 53. Kg3 Be5+ 54. Kh4 Kf4 55. Kh5 Ne6 56. Kg6 Nd5 57. g5 Nxg5 58. h4 Ne7+ 59. Kh5 Nf3 60. Kh6 Nxh4 61. Kh5 Nf3 62. Kh6 Kg4 63. Kh7 Ng5+ 64. Kh6 Ne6 65. Kh7 Bf4 66. Kh8 Kf5 67. Kh7 Kf6 68. Kh8 Kf7 69. Kh7 Nf8+ 70. Kh8 Be5# 0-1

[Event "Sparkassen-Open A"]
[Site "Heusenstamm, Martinsee"]
[Date "2023.11.25"]
[Round "4.41"]
[White "Burkhardt, Holger"]
[Black "Burkhardt, Jan"]
[Result "0-1"]
[WhiteElo "2034"]
[BlackElo "1688"]
[PlyCount "96"]
[EventDate "2023.??.??"]
[WhiteTeam "SK 1858 Gießen"]
[BlackTeam "Sfr.Mainz 1928"]

1. e4 e5 2. Nf3 Nc6 3. Nc3 Nf6 4. Bb5 a6 5. Bxc6 dxc6 6. Nxe5 Nxe4 7. Nxe4 Qd4 8. O-O Qxe5 9. d4 Qf5 10. Re1 Be6 11. c3 Be7 12. Ng3 Qg6 13. Ne2 Bd6 14. Bf4 O-O-O 15. Bxd6 Rxd6 16. Nf4 Qf6 17. Nd3 Qg5 18. Re3 h5 19. Qf3 h4 20. h3 Bd5 21. Qg4+ Qxg4 22. hxg4 Re6 23. Rxe6 Bxe6 24. f3 b6 25. Kf2 f6 26. b3 Kd7 27. Rh1 g5 28. Ke3 Re8 29. Kd2 a5 30. c4 a4 31. Kc3 axb3 32. axb3 Bf7 33. Re1 Rxe1 34. Nxe1 Bg6 35. Nd3 Kd6 36. Kd2 c5 37. dxc5+ bxc5 38. b4 Bxd3 39. bxc5+ Ke5 40. Kxd3 Kf4 41. Ke2 Kg3 42. Kf1 h3 43. gxh3 Kxf3 44. c6 Kg3 45. Ke2 Kxh3 46. Kf3 Kh4 47. c5 Kh3 48. Ke4 Kxg4 0-1

[Event "Sparkassen-Open A"]
[Site "Heusenstamm, Martinsee"]
[Date "2023.11.25"]
[Round "4.42"]
[White "Kutzner, Stephen"]
[Black "Mohr, Alwin"]
[Result "1-0"]
[WhiteElo "2039"]
[BlackElo "1614"]
[PlyCount "67"]
[EventDate "2023.??.??"]
[WhiteTeam "Godesberger SK 1929 e. V"]
[BlackTeam "SV Oberursel"]

1. d4 Nf6 2. Nf3 e6 3. c4 b6 4. g3 Ba6 5. b3 d5 6. Bg2 dxc4 7. Ne5 Nd5 8. bxc4 f6 9. cxd5 fxe5 10. dxe6 c6 11. d5 Bb4+ 12. Bd2 Bc5 13. Bc3 O-O 14. O-O Qc7 15. Bb2 Bc4 16. Na3 Bxd5 17. Bxd5 cxd5 18. Qxd5 Nc6 19. Nb5 Qc8 20. Rad1 Rd8 21. Qb3 Kh8 22. Rxd8+ Qxd8 23. Rd1 Qf6 24. Qf3 Qxf3 25. exf3 a5 26. Rd7 Rd8 27. Bxe5 Rxd7 28. exd7 Be7 29. Bc7 Kg8 30. Bxb6 a4 31. Nc3 Kf7 32. Nxa4 Ke6 33. Nc5+ Kd6 34. d8=Q+ 1-0

[Event "Sparkassen-Open A"]
[Site "Heusenstamm, Martinsee"]
[Date "2023.11.25"]
[Round "4.43"]
[White "Krychevskiy, Dmytro"]
[Black "Vihan, Shourya"]
[Result "0-1"]
[WhiteElo "1888"]
[BlackElo "2044"]
[PlyCount "132"]
[EventDate "2023.??.??"]
[WhiteTeam "SV Oberursel"]
[BlackTeam "SV 1920 Hofheim"]

1. e4 c5 2. Nf3 e6 3. c3 d5 4. exd5 Qxd5 5. d4 Nc6 6. Be3 cxd4 7. cxd4 Nf6 8. Nc3 Qd8 9. Rc1 Bd6 10. Bd3 O-O 11. O-O Re8 12. Bg5 Be7 13. Bb1 Nd5 14. Bxe7 Ncxe7 15. Qd3 Nf6 16. Rfd1 b6 17. Ne4 Ng6 18. Nxf6+ Qxf6 19. Rc7 Re7 20. Rxe7 Qxe7 21. d5 exd5 22. Qxd5 Bb7 23. Qd3 Qf6 24. Qd4 Qxd4 25. Rxd4 Rc8 26. Rd1 Nf4 27. Ng5 Bxg2 28. Bxh7+ Kf8 29. Be4 Bxe4 30. Nxe4 Rc2 31. Rb1 f5 32. Nd6 Nh3+ 33. Kg2 Nxf2 34. Nxf5 Nd3+ 35. Kg3 Rxb2 36. Rd1 Nc5 37. Ra1 Kf7 38. h4 a5 39. Nd4 a4 40. Rf1+ Kg6 41. Ra1 a3 42. Kf4 Na4 43. Ke5 Nc3 44. Rg1+ Kf7 45. Rg3 Ne2 46. Rf3+ Kg8 47. Rxa3 Nxd4 48. Kxd4 Rb4+ 49. Ke3 Rxh4 50. Ra6 Rh6 51. a4 Rf6 52. a5 bxa5 53. Rxa5 Kh7 54. Rh5+ Kg6 55. Rh2 Rf5 56. Rg2+ Kf6 57. Rf2 Rxf2 58. Kxf2 Kg5 59. Kg3 g6 60. Kh2 Kf4 61. Kh1 Kg3 62. Kg1 g5 63. Kh1 g4 64. Kg1 Kh3 65. Kh1 g3 66. Kg1 g2 0-1

[Event "Sparkassen-Open A"]
[Site "Heusenstamm, Martinsee"]
[Date "2023.11.25"]
[Round "4.44"]
[White "Sheng, Ming"]
[Black "Pfarr, Michael"]
[Result "1/2-1/2"]
[WhiteElo "1769"]
[BlackElo "2039"]
[PlyCount "146"]
[EventDate "2023.??.??"]
[WhiteTeam "SC Rochade Saarlouis 1993 e.V."]
[BlackTeam "SK 1928 Mömbris"]

1. e4 c5 2. Nf3 Nc6 3. Bb5 e6 4. Bxc6 dxc6 5. d3 Nf6 6. O-O Qc7 7. e5 Nd5 8. c4 Ne7 9. Nc3 Bd7 10. b3 Nf5 11. Bb2 h5 12. Ne2 h4 13. h3 Be7 14. d4 cxd4 15. Nexd4 Nxd4 16. Qxd4 c5 17. Qf4 f5 18. Rad1 O-O-O 19. Qe3 Rh5 20. Bc1 g5 21. Nh2 Rg8 22. Qe2 Rh7 23. f4 g4 24. hxg4 fxg4 25. Nxg4 Bc6 26. Rf2 Rhg7 27. Nf6 Bxf6 28. exf6 Rxg2+ 29. Rxg2 Rxg2+ 30. Qxg2 Bxg2 31. Kxg2 Qh7 32. Kh3 Qf5+ 33. Kxh4 Qxf6+ 34. Kh5 Qf5+ 35. Kh6 Qc2 36. Rh1 Qxa2 37. Rh5 Kd7 38. Rxc5 Qh2+ 39. Rh5 Qc2 40. Be3 a6 41. Bb6 Qxb3 42. c5 Qc3 43. Rh4 a5 44. Kg6 Qg3+ 45. Kh5 a4 46. f5 exf5 47. Rxa4 Kc6 48. Bd8 Qh2+ 49. Bh4 Qe2+ 50. Kg5 Qg2+ 51. Kf6 Qb2+ 52. Kg5 Kxc5 53. Rf4 Qg7+ 54. Kxf5 b5 55. Bf2+ Kd5 56. Rf3 b4 57. Bh4 Qd7+ 58. Kf4 Kc4 59. Bf6 Qd2+ 60. Kg3 Qe1+ 61. Kg2 Qe2+ 62. Rf2 Qg4+ 63. Kh2 Kb3 64. Rb2+ Ka3 65. Rf2 Qh5+ 66. Kg2 Qd5+ 67. Kg1 Qd1+ 68. Kg2 Qc1 69. Rf3+ b3 70. Rf2 Qb1 71. Kh2 Qe4 72. Kg1 Qg6+ 73. Kh2 Qc2 1/2-1/2

[Event "Sparkassen-Open A"]
[Site "Heusenstamm, Martinsee"]
[Date "2023.11.25"]
[Round "4.46"]
[White "Zimmer, Gerald"]
[Black "Stümer, Paul"]
[Result "1-0"]
[WhiteElo "1897"]
[BlackElo "2115"]
[PlyCount "69"]
[EventDate "2023.??.??"]
[WhiteTeam "SC Bergen-Enkheim 1922"]
[BlackTeam "SV Bergneustadt/Dersch"]

1. d4 Nf6 2. c4 g6 3. Nc3 Bg7 4. e4 O-O 5. f3 Nc6 6. Be3 e5 7. d5 Nd4 8. Nge2 c5 9. dxc6 dxc6 10. Nxd4 exd4 11. Qxd4 Nd5 12. Qd2 Nxe3 13. Qxe3 Qa5 14. O-O-O Be6 15. Kc2 b5 16. cxb5 cxb5 17. Nd5 Qxa2 18. Qa3 Bxd5 19. Rxd5 Rac8+ 20. Kd2 Bh6+ 21. Ke1 Qb1+ 22. Rd1 Rc1 23. Be2 Qc2 24. Kf2 Rc8 25. Qe7 Qxb2 26. Rd7 Qb3 27. Rxc1 Bxc1 28. Bxb5 h6 29. Ba6 Rc2+ 30. Kg3 Bg5 31. Qe8+ Kg7 32. Rb7 Qa2 33. Bf1 Be3 34. Qe5+ Kh7 35. Qf6 1-0

[Event "Sparkassen-Open A"]
[Site "Heusenstamm, Martinsee"]
[Date "2023.11.25"]
[Round "4.47"]
[White "Villwock, Martin"]
[Black "Berberich, Christoph"]
[Result "1-0"]
[WhiteElo "2073"]
[BlackElo "1859"]
[PlyCount "69"]
[EventDate "2023.??.??"]
[WhiteTeam "SF Essen-Katernberg 0"]
[BlackTeam "SK Freiburg-Zähringen 1887 e.V."]

1. e4 c5 2. Nf3 Nc6 3. d4 cxd4 4. Nxd4 Nf6 5. Nc3 e5 6. Ndb5 d6 7. Nd5 Nxd5 8. exd5 Nb8 9. a4 a6 10. Na3 Be7 11. b4 a5 12. c3 O-O 13. Be2 f5 14. Nc4 axb4 15. cxb4 b5 16. Na5 bxa4 17. Rxa4 Bd7 18. Ra3 Qb6 19. Bd2 Bb5 20. O-O Nd7 21. Rc3 Bf6 22. Rc6 Bxc6 23. dxc6 Nb8 24. Qb3+ Kh8 25. Qd5 Rxa5 26. Qxd6 Rd8 27. bxa5 Rxd6 28. axb6 Rxc6 29. Rc1 Rxc1+ 30. Bxc1 Kg8 31. Ba3 Nd7 32. b7 Nb8 33. Bc4+ Kh8 34. Bd6 Nd7 35. Be6 1-0

[Event "Sparkassen-Open A"]
[Site "Heusenstamm, Martinsee"]
[Date "2023.11.25"]
[Round "4.48"]
[White "Herrmann, Jakob"]
[Black "Reinecke, Katharina"]
[Result "1-0"]
[WhiteElo "2037"]
[BlackElo "1861"]
[PlyCount "65"]
[EventDate "2023.??.??"]
[WhiteTeam "SAV Torgelow-Drögeheide 90"]
[BlackTeam "SK Langen"]

1. e4 c6 2. Nc3 g6 3. d4 Bg7 4. Nf3 d5 5. h3 dxe4 6. Nxe4 Nf6 7. Bd3 Bf5 8. Nxf6+ Bxf6 9. Bh6 Qa5+ 10. c3 Bxd3 11. Qxd3 Qh5 12. Qe3 g5 13. Bxg5 Bxg5 14. Nxg5 Nd7 15. g4 Qg6 16. O-O-O O-O-O 17. f4 h6 18. Nf3 e6 19. c4 Nb6 20. b3 Qg7 21. Kc2 Qf8 22. Ne5 Qa3 23. Nxf7 Qxa2+ 24. Kc3 Qa5+ 25. Kd3 c5 26. Nxd8 Rxd8 27. Qxe6+ Kb8 28. Qe5+ Ka8 29. Rhe1 Qa2 30. Kc3 Qa5+ 31. Kb2 Qb4 32. Kc2 Nxc4 33. Qxc5 1-0

[Event "Sparkassen-Open A"]
[Site "Heusenstamm, Martinsee"]
[Date "2023.11.25"]
[Round "4.49"]
[White "Özdemir, Ali Özden"]
[Black "Mohr, Thomas"]
[Result "1-0"]
[WhiteElo "2045"]
[BlackElo "1857"]
[PlyCount "83"]
[EventDate "2023.??.??"]
[WhiteTeam "SK Langen"]
[BlackTeam "SC FK Babenhausen 1994"]

1. e4 c5 2. Nf3 Nc6 3. b4 cxb4 4. d4 d5 5. exd5 Qxd5 6. c4 Qe4+ 7. Be3 Bf5 8. Nbd2 Qc2 9. Qxc2 Bxc2 10. d5 Nb8 11. Nd4 Ba4 12. Rb1 a5 13. c5 Nf6 14. Bc4 Na6 15. Nb5 Nxd5 16. Bxd5 Bxb5 17. Bxb7 Rb8 18. c6 Rxb7 19. cxb7 Bc6 20. Nc4 Bxg2 21. Rg1 Bxb7 22. Nxa5 Bd5 23. Nb3 e6 24. Rc1 f6 25. Ke2 g5 26. Bd4 Kf7 27. Rc8 Bb7 28. Rd8 Ke7 29. Bb6 Bg7 30. Rxh8 Bxh8 31. Nc5 Bc8 32. Nd3 Kd6 33. Rc1 Bb7 34. Nxb4 f5 35. Rd1+ Ke7 36. Bd8+ Ke8 37. Bxg5 Be5 38. Rd8+ Kf7 39. Rd7+ Kg6 40. Rxb7 Nxb4 41. Rxb4 Kxg5 42. h3 1-0

[Event "Sparkassen-Open A"]
[Site "Heusenstamm, Martinsee"]
[Date "2023.11.25"]
[Round "4.50"]
[White "Nagel, Matthias"]
[Black "Lenhard, Martin"]
[Result "1/2-1/2"]
[WhiteElo "1893"]
[BlackElo "2060"]
[PlyCount "66"]
[EventDate "2023.??.??"]
[WhiteTeam "SV 1920 Kelsterbach"]
[BlackTeam "SV 1920 Hofheim"]

1. d4 Nf6 2. Nc3 d5 3. Bf4 Bf5 4. e3 e6 5. Nb5 Na6 6. a3 c6 7. Nc3 Nb8 8. Nf3 h6 9. Ne5 Nbd7 10. g4 Bh7 11. h4 Nxe5 12. dxe5 Ne4 13. Nxe4 Bxe4 14. f3 Bg6 15. Bd3 Bxd3 16. Qxd3 Be7 17. Bg3 Qa5+ 18. Qd2 Qxd2+ 19. Kxd2 O-O-O 20. c3 c5 21. Rhd1 Kc7 22. Rac1 b5 23. Bf2 Kc6 24. f4 Rb8 25. h5 a5 26. e4 Rhd8 27. Ke3 c4 28. exd5+ Rxd5 29. Rxd5 Kxd5 30. Rd1+ Kc6 31. Ke4 Rd8 32. Rxd8 Bxd8 33. Be3 Be7 1/2-1/2

[Event "Sparkassen-Open A"]
[Site "Heusenstamm, Martinsee"]
[Date "2023.11.25"]
[Round "4.51"]
[White "Vangsgaard, Claus"]
[Black "Leibbrand, Udo"]
[Result "0-1"]
[WhiteElo "1853"]
[BlackElo "2053"]
[PlyCount "124"]
[EventDate "2023.??.??"]
[WhiteTeam "Vejlby-Risskov SK"]
[BlackTeam "SC Pforzheim 1906"]

1. e4 c5 2. d3 g6 3. g3 d5 4. e5 Nc6 5. f4 f6 6. exf6 exf6 7. Bg2 Be6 8. Nf3 Qd7 9. O-O Nge7 10. c3 Kf7 11. Be3 d4 12. Bf2 dxc3 13. bxc3 Rd8 14. Bxc5 Qxd3 15. Qxd3 Rxd3 16. Nd4 Bd5 17. a4 Bxg2 18. Kxg2 Nd5 19. Nb3 Ne3+ 20. Bxe3 Rxe3 21. Kf2 Re7 22. Rd1 Rc7 23. Ra2 Be7 24. Rad2 Rd8 25. Rd3 Rxd3 26. Rxd3 Nd8 27. Ke2 Ne6 28. N1d2 Nc5 29. Nxc5 Bxc5 30. Kd1 Ke6 31. g4 f5 32. h3 h5 33. g5 Bd6 34. Rf3 Kd5 35. Kc2 Re7 36. Kd3 Re1 37. c4+ Kc5 38. Kc3 Bc7 39. Nb3+ Kd6 40. Kd3 Bb6 41. Kd2 Re4 42. a5 Bc5 43. Kd3 Kc6 44. Nd2 Re1 45. Nb3 h4 46. Nd4+ Bxd4 47. Kxd4 Re4+ 48. Kd3 Kc5 49. Rf1 Rd4+ 50. Ke3 Rxc4 51. Rb1 Kc6 52. Kf3 Rc3+ 53. Kg2 Rg3+ 54. Kh2 Ra3 55. Re1 Ra2+ 56. Kg1 Rd2 57. Rc1+ Kd5 58. Rc7 Ke4 59. Rxb7 Kxf4 60. Rxa7 Kxg5 61. Rb7 Ra2 62. Rb5 Kf4 0-1

[Event "Sparkassen-Open A"]
[Site "Heusenstamm, Martinsee"]
[Date "2023.11.25"]
[Round "4.52"]
[White "McAdam, Mark"]
[Black "Gajcin, Jasmina"]
[Result "1/2-1/2"]
[WhiteElo "2037"]
[BlackElo "1857"]
[PlyCount "61"]
[EventDate "2023.??.??"]
[WhiteTeam "SC Brett vorm Kopp Ffm"]
[BlackTeam "Dublin Chess Club"]

1. d4 Nf6 2. c4 g6 3. g3 d5 4. Bg2 c6 5. Nf3 Bg7 6. O-O O-O 7. Nbd2 Nbd7 8. Qc2 Re8 9. b4 e5 10. dxe5 Nxe5 11. Bb2 Nxf3+ 12. Bxf3 Bf5 13. Qc3 Nh5 14. Qb3 Nf6 15. Rfd1 Qe7 16. b5 dxc4 17. Nxc4 cxb5 18. Nd6 Be6 19. Qxb5 Red8 20. Qxb7 Qxb7 21. Bxb7 Rab8 22. Be5 Ne8 23. Bxg7 Nxd6 24. Rxd6 Rxd6 25. Be5 Rxb7 26. Bxd6 f6 27. e3 Kf7 28. Bc5 a6 29. e4 Rb2 30. a4 Ra2 31. Rxa2 1/2-1/2

[Event "Sparkassen-Open A"]
[Site "Heusenstamm, Martinsee"]
[Date "2023.11.25"]
[Round "4.53"]
[White "Dorfner, Jeremias"]
[Black "Rosenberger, Frank"]
[Result "1/2-1/2"]
[WhiteElo "1712"]
[BlackElo "2050"]
[PlyCount "65"]
[EventDate "2023.??.??"]
[WhiteTeam "TV-Großostheim 1900 e.V."]
[BlackTeam "SK 1980 Gernsheim"]

1. e4 d5 2. exd5 Qxd5 3. Nc3 Qa5 4. d4 Nf6 5. Nf3 Bg4 6. h3 Bxf3 7. Qxf3 c6 8. Bc4 e6 9. O-O Nbd7 10. Bf4 Nb6 11. Bb3 Rd8 12. Rfd1 Be7 13. Ne4 Nbd5 14. Be5 Nxe4 15. Qxe4 Nf6 16. Qf4 Rd7 17. c4 Qd8 18. Rd3 Bd6 19. Rad1 Bxe5 20. Qxe5 O-O 21. Rg3 c5 22. Rgd3 cxd4 23. Rxd4 Rxd4 24. Rxd4 Qc8 25. Qd6 b6 26. Ba4 h6 27. b4 Qa6 28. Bb3 Qb7 29. Rd3 Rc8 30. Qd4 Qc7 31. Qd6 Qb7 32. Qd4 Qc7 33. Qd6 1/2-1/2

[Event "Sparkassen-Open A"]
[Site "Heusenstamm, Martinsee"]
[Date "2023.11.25"]
[Round "4.54"]
[White "Woods, Yannick"]
[Black "Berkes, Alexander"]
[Result "0-1"]
[WhiteElo "1801"]
[BlackElo "1974"]
[PlyCount "92"]
[EventDate "2023.??.??"]
[WhiteTeam "Sligo Chess Club"]
[BlackTeam "SK Langen"]

1. d4 Nf6 2. Nf3 g6 3. Bf4 Bg7 4. e3 O-O 5. Be2 d6 6. h3 c5 7. c3 Qb6 8. Qb3 Be6 9. Qa3 cxd4 10. exd4 Nc6 11. Nbd2 Rfe8 12. O-O Bf5 13. Nc4 Qc7 14. Bh2 h6 15. Rad1 Nd5 16. Rfe1 a5 17. Ne3 Nxe3 18. fxe3 Reb8 19. g4 Bd7 20. c4 Nb4 21. Rc1 Qd8 22. Qb3 Qe8 23. Bd1 b5 24. c5 Be6 25. Qa3 Nxa2 26. Ra1 Nb4 27. cxd6 Rc8 28. dxe7 Qxe7 29. e4 Qa7 30. Qe3 Nc2 31. Bxc2 Rxc2 32. Bf4 Kh7 33. e5 Rxb2 34. Qe4 Rd8 35. Be3 Bd5 36. Qf4 a4 37. h4 Bxf3 38. Qxf3 Qa8 39. Qg3 Rc8 40. Bc1 Rbc2 41. h5 R8c3 42. Be3 Qd5 43. g5 gxh5 44. Qh3 Qe4 45. gxh6 Bxh6 46. Bxh6 Qg6+ 0-1